000
00337cam a2200145ua 4500
041
_a
eng
_h
082
_a
822
_b
HOR/DY
100
_a
Hardy, Thomas .
245
_a
Dynasts /
_c
Thomas Hardy.
_h
Textual Documents
260
_a
London :
_b
McMillon & Co Ltd ,
_c
1965.
300
_a
525 ; .
504
_a
942
_c
BK
999
_c
491
_d
491